000 00491nam a2200169Ia 4500
999 _c20351
_d20351
003 OSt
005 20200701103234.0
008 190216s9999||||xx |||||||||||||| ||und||
040 _coclc
082 _a909
_bBUR/W
100 _aBurns, Edward Mcnall
_93371
245 0 _aWorld Civilization /
_cEdward Mcnall Burns ; Philip Lee Ralph
250 _a7th Ed.
260 _bS Chand & Co,
_c1991.
_aNew Delhi:
300 _a577p
942 _cBK
_2ddc
_h909
_iBUR/W
_k909
_mBUR/W